<?xml version="1.0" encoding="UTF-8"?>
<record
    xmlns:xsi="http://www.w3.org/2001/XMLSchema-instance"
    xsi:schemaLocation="http://www.loc.gov/MARC21/slim http://www.loc.gov/standards/marcxml/schema/MARC21slim.xsd"
    xmlns="http://www.loc.gov/MARC21/slim">

  <leader>00509nam a22001457a 4500</leader>
  <controlfield tag="008">160504b        xxu||||| |||| 00| 0 eng d</controlfield>
  <datafield tag="082" ind1=" " ind2=" ">
    <subfield code="a">708.972.86</subfield>
    <subfield code="b">V199v</subfield>
  </datafield>
  <datafield tag="100" ind1=" " ind2=" ">
    <subfield code="a">Karen Clachar</subfield>
    <subfield code="9">4609</subfield>
  </datafield>
  <datafield tag="110" ind1=" " ind2=" ">
    <subfield code="a">Valoarte </subfield>
    <subfield code="9">4914</subfield>
  </datafield>
  <datafield tag="245" ind1=" " ind2=" ">
    <subfield code="a">Valoarte </subfield>
    <subfield code="b">Arte + mercado + obra social</subfield>
    <subfield code="c">Solis, Jose Pablo; Rozina Cazali; Clachar, Karen. </subfield>
  </datafield>
  <datafield tag="260" ind1=" " ind2=" ">
    <subfield code="a">San Jose</subfield>
    <subfield code="b">Valoarte </subfield>
    <subfield code="c">2012</subfield>
  </datafield>
  <datafield tag="300" ind1=" " ind2=" ">
    <subfield code="a">unpaged</subfield>
    <subfield code="b">col.</subfield>
    <subfield code="c">24 cm</subfield>
  </datafield>
  <datafield tag="650" ind1=" " ind2=" ">
    <subfield code="a">Arte- Mercado</subfield>
    <subfield code="v">Arte moderno</subfield>
    <subfield code="x">Artistas Costa Rica</subfield>
    <subfield code="z">Costa Rica</subfield>
    <subfield code="9">4915</subfield>
  </datafield>
  <datafield tag="710" ind1=" " ind2=" ">
    <subfield code="a">Valoarte. </subfield>
    <subfield code="9">4916</subfield>
  </datafield>
  <datafield tag="999" ind1=" " ind2=" ">
    <subfield code="c">893</subfield>
    <subfield code="d">893</subfield>
  </datafield>
  <datafield tag="952" ind1=" " ind2=" ">
    <subfield code="0">0</subfield>
    <subfield code="1">0</subfield>
    <subfield code="2">ddc</subfield>
    <subfield code="4">0</subfield>
    <subfield code="7">0</subfield>
    <subfield code="a">LV</subfield>
    <subfield code="b">LV</subfield>
    <subfield code="c">Eventos y Bienales</subfield>
    <subfield code="d">2016-05-04</subfield>
    <subfield code="l">0</subfield>
    <subfield code="o">708.972.86 V199v</subfield>
    <subfield code="p">001989</subfield>
    <subfield code="r">2016-05-04 00:00:00</subfield>
    <subfield code="w">2016-05-04</subfield>
    <subfield code="y">01</subfield>
  </datafield>
</record>
